Homely talks. (Record no. 13021)

000 -LEADER
fixed length control field 00524nam a2200181 a 4500
001 - CONTROL NUMBER
control field :::00010839$&:&@@
003 - CONTROL NUMBER IDENTIFIER
control field OkBaRHE
005 - DATE AND TIME OF LATEST TRANSACTION
control field 20000607103403.0
008 - FIXED-LENGTH DATA ELEMENTS--GENERAL INFORMATION
fixed length control field j 000 0 eng u
040 ## - CATALOGING SOURCE
Transcribing agency
100 1# - MAIN ENTRY--PERSONAL NAME
Personal name Pearse, Mark Guy.
245 10 - TITLE STATEMENT
Title Homely talks.
260 ## - PUBLICATION, DISTRIBUTION, ETC. (IMPRINT)
Place of publication, distribution, etc London, UK:EN., :
Name of publisher, distributor, etc Charles H. Kelly
Date of publication, distribution, etc nd
300 ## - PHYSICAL DESCRIPTION
Extent 246 p. ;
Dimensions 18 cm.
650 ## - SUBJECT ADDED ENTRY--TOPICAL TERM
Topical term or geographic name as entry element Christian Life
942 ## - ADDED ENTRY ELEMENTS (KOHA)
Source of classification or shelving scheme
Koha item type Books
Copies
Permanent Location Damaged status Not for loan Lost status Withdrawn status Date acquired Koha item type Copy number Source of classification or shelving scheme Date last seen Price effective from Shelving location Barcode Full call number
RHEMA Bible Training College    2010-04-14Books1 2010-04-142010-04-14General Stacks10839BV 4501.2 .P396